Ivan Franko im Kontext mit Theodor Herzl und Martin Buber

Titel: Ivan Franko im Kontext mit Theodor Herzl und Martin Buber : Antisemitismus und Philosemitismus in Ostgalizien 1886 - 1916 / Roman Mnich. Mit Orig.-Beitr. von Ivan Franko ... Hrsg. von Erhard Roy Wiehn
Beteiligt: ;
Ausgabe: 1. Auflage
Veröffentlicht: Konstanz : Hartung-Gorre, 2012
Umfang: 134 Seiten : Illustrationen ; 21 cm
Format: Buch
Sprache: Deutsch
RVK-Notation:
Schlagworte:
ISBN: 9783866284159
Buchumschlag
X
Lokale Klassifikation: 2 F 416 ; 2 H 1105 ; 2 B 1151 ; 37 3 F ; 37 8 G 15 ; 37 7 J
alg: 30169864
001A    $06000:31-05-12 
001B    $01999:12-02-25 $t08:28:22.000 
001D    $00030:15-05-13 
001U    $0utf8 
001X    $00 
002@    $0Aau 
002C    $aText $btxt $2rdacontent 
002D    $aohne Hilfsmittel zu benutzen $bn $2rdamedia 
002E    $aBand $bnc $2rdacarrier 
003@    $0301698643 
003O    $0794918165 $aOCoLC 
004A    $A978-3-86628-415-9 $fkart. : EUR 14.80 (DE), EUR 15.30 (AT), sfr 19.80 (freier Pr.) 
004K    $09783866284159 
006G    $01020850167 
006H    $0A1217 $2DNB 
006T    $012,N13 
006U    $013,A11 $f20120320 
007A    $01020850167 $aDNB 
007G    $0DE020F290674654725FE7C1257A4000454B5D 
007T    $0Herdhh301698643 
009P    $qapplication/pdf $A2 $3Inhaltsverzeichnis $uhttp://scans.hebis.de/HEBCGI/show.pl?30169864_toc.pdf $mV:DE-603;B:DE-Mb50 
010@    $ager 
011@    $a2012 $n2012 
013D    $RQuellenforschung $#History -- Sources $#Histoire -- Sources $#Akten Formschlagwort $#Augenzeugenbericht Formschlagwort $#Texte Formschlagwort $#Historische Quelle $#Geschichtsquelle $#Quellensammlung $#Quellen $74135952-5 $8Quelle [Ts1] $9085503576 
017A    $asf 
021A    $aIvan Franko im Kontext mit Theodor Herzl und Martin Buber $dAntisemitismus und Philosemitismus in Ostgalizien 1886 - 1916 $hRoman Mnich. Mit Orig.-Beitr. von Ivan Franko ... Hrsg. von Erhard Roy Wiehn 
028C    $#Мних, Роман Володимирович $#Mnych, Roman $#Mnich, Roman Vladimirovič $#Mnych, Roman Volodymyrovyč $#Mnykh, Roman $#Мних, Роман Владимирович $#Мних, Роман Володимирович $71021266620 $8Mnich, Roman$Z1966- [Tp1] $9293147949 
028C    $BHrsg $#Wiehn, Erhard R. $#Vin, Erchard Roj $#Wiehn-Mayer $#Wiehn, Erhard $#Vin, Erchard R. $#Vin, Jerhard Roj $#Wiehn, Erhard Roij $#Bēn, Ercharnt Roē $#Wiehn, Roy $#Vin, Ėrchard Roi $#Vin, Ėrhard Roj $#Вин, Эрхард Рой $#ויהן, ארהרדט רוי $#וין, ארהרד רוי $#וויין, ארהרד רוי $#ווין, ארהרד רוי $#וין, א. רוי $7115824960 $8Wiehn, Erhard Roy$Z1937- [Tp1] $9109196236 
032@    $a1. Auflage 
033A    $pKonstanz $nHartung-Gorre 
034D    $a134 Seiten 
034I    $a21 cm 
034M    $aIllustrationen 
039U    $aRezensiert in $8--Oox--Röskau-Rydel, Isabel$Z1959- [Tp1]. Ivan Franko im Kontext mit Theodor Herzl und Martin Buber. - Konstanz : Hartung-Gorre. -  2012 [Rezension], 2013 [2014] $9395137098 
044K    $qDNB $#Franko, Ivan $#Франко, Іван $#Franko, Iwan Ja. $#Franko, Ivan Ja. $#Franko, I. Ja. $#Franko, Iwan J. $#Franko, Ivan Iakovlevich $#Franko, Ivan Jakovlevič $#Franko, Iwan Jakowlewitsch $#Franko, Iwan Jakowytsch $#Franko, Ivan Jakovlevyč $#Frānkū, Īfān $#Franko, Joannes $#Franko, I. Ia. $#Franko, Ivan Iakovych $#Franko, Iv. $#Franko, Jv. $#Franko, Ivan Jakovič $#Franko, Iwan $#Franko, Ivan Jakovyč $#Franka, Ivana $#Франко, Иван $7118534920 $8Franko, Ivan$Z1856-1916 [Tp1] $9086875981 
044K    $qDNB $RPhilosemitismus $RJüdische Philosophie $RJüdische Ethik $RJuden $RReligion $#Judaism $#Judaïsme $#Jüdische Religion $#Judaismus $74114087-4 $8Judentum [Ts1] $9085339938 
044K    $qDNB $#Galizien (Osteuropa) $#Galicja $#Galicija $#Galizien und Lodomerien $#Königreich Galizien $#Provinz Galizien $#Halyčyna $#Galiitsia $#Galīcija $#Galičina $#Halič $#Галичина $#Галиция $74019124-2 $8Galizien [Tg1] $9085045411 
044K    $qDNB $RJudentum $RIsraeliten $RStämme Israels $#Jude $74028808-0 $8Juden [Ts1] $9085075922 
044K    $qDNB $RRassismus $RFremdenfeindlichkeit $RJudenverfolgung $RAntijudaismus $#Antisemitism $#Antisémitisme $#Antisemitismus $#Antisemitismus $#Judenfeindschaft $#Judenhass $74002333-3 $8Antisemitismus [Ts1] $9084997346 
045E    $c290 $c940 $c300 
045F    $a909.04924094386 $eDDC23BSB 
045F/01 $a909.04924 
045F/03 $g4386 
045F/03 $g438 
045G    $a900.9438609034 $eDDC23BSB 
045G/01 $a900 
045G/03 $f09034 
045G/03 $f09041 
045G/03 $g4386 
045R    $aGeschichte 1896-1937 
045Z    $8KL 5756 [Tkv] $9409225770 
045Z    $8NY 4780 [Tkv] $9410953474 
045Z    $8NY 9000 [Tkv] $9410953628 

lok: 30169864 3
101B    $027-05-13 $t12:50:23.000 
101C    $015-05-13 
101U    $0utf8 
144Z/20 $aj13mai 
145S/01 $a770 
145Z/01 $a900 Ad 0100 Franko, I. 
145Z/02 $a900 T 246 S Galizien 
145Z/03 $a900 T 252 Galizien 
145Z/04 $a900 T 246 Fd 0500 

exp: 30169864 3 1 #EPN
201B/01 $015-05-13 $t11:06:02.000 
201C/01 $023-04-13 
201U/01 $0utf8 
203@/01 $0674469887 
208@/01 $a15-05-13 $bzAa 
209A/01 $a90.011.97 $du $f000 $h90 011 97 $x00 
209G/01 $a90011979 $x00 
247C/01 $8601000-3 <30>Frankfurt, Universitätsbibliothek J. C. Senckenberg, Zentralbibliothek (ZB) $9102598258 

lok: 30169864 24
101B    $019-07-12 $t09:17:46.000 
101C    $013-07-12 
101U    $0utf8 
145Z/01 $a2 F 416 
145Z/02 $a2 H 1105 
145Z/03 $a2 B 1151 
145Z/04 $a37 3 F 
145Z/05 $a37 8 G 15 
145Z/06 $a37 7 J 

exp: 30169864 24 1 #EPN
201B/01 $013-07-12 $t10:43:22.000 
201C/01 $026-06-12 
201U/01 $0utf8 
203@/01 $0644918772 
208@/01 $a13-07-12 $bz 
209A/01 $a12.04032 $du $f050 $h12 04032 $x00 
209C/01 $a12.04032 K $h12 04032 K 
209G/01 $a73065984 $x00 
220C/01 $ajwa//K-rs 
244Z/01 $#Franko, Ivan $#Франко, Іван $#Franko, Iwan Ja. $#Franko, Ivan Ja. $#Franko, I. Ja. $#Franko, Iwan J. $#Franko, Ivan Iakovlevich $#Franko, Ivan Jakovlevič $#Franko, Iwan Jakowlewitsch $#Franko, Iwan Jakowytsch $#Franko, Ivan Jakovlevyč $#Frānkū, Īfān $#Franko, Joannes $#Franko, I. Ia. $#Franko, Ivan Iakovych $#Franko, Iv. $#Franko, Jv. $#Franko, Ivan Jakovič $#Franko, Iwan $#Franko, Ivan Jakovyč $#Franka, Ivana $#Франко, Иван $7118534920 $8--Tp1--Franko, Ivan$Z1856-1916 $x01 $9086875981 
244Z/01 $#הרצל, בנימין זאב $#Herzl, Tėador $#Herzl, Théodore $#Herṣl, Têʾôdôr $#Herṣl, Binyāmîn Zeʾēv $#Hertsl, Teʾodor $#Hertsl, Binyamin Zeʾev $#Hertsel, Teʾodor $#Hertsel, Binyamin Zeʾev $#Herzl, Teodoro $#Herzl, Binyāmîn Zeʾēv $#Hartzil $#Herzl, Theodore $#Herzil, Theodore $#Gerclʹ, Teodor $#Herzl, Tivadar $#Herclʹ, Tėador $#Th. H. $7118550241 $8--Tp1--Herzl, Theodor$Z1860-1904 $x02 $9086891278 
244Z/01 $#Buber, Martin $#Buber, Martin $#בובר, מרטין $#Būber, Mordekaj Marṭin $#Buber, Martin Mordehai $#Buber, Marṭin $#Mpumper, Martin $#Bûber, Mordekay Martîn $#Būbā, Marutin $#Buber, Mordehai Martin $#Buber, Mordekhai Marṭin $#בובר, מרדכי מרטין $#בובער, מארטין $7118516477 $8--Tp1--Buber, Martin$Z1878-1965 $x03 $9086857576 
247C/01 $8358050-7 Marburg, Bibliothek des Herder-Instituts Marburg $9102600961 

lok: 30169864 78

exp: 30169864 78 1 #EPN
201B/01 $019-04-17 $t22:05:37.000 
201U/01 $0utf8 
203@/01 $0793914671 
208@/01 $a12-11-16 $be 
209A/01 $a/ $f000 $x00 
237A/01 $aweiterführende Signatur(en): Herder-Institut: 12.04032 
244Z/01 $2Trx $#Poola $#Lenkija $#Polija $#Polen Land $#Poland $#Lengyelország $#Poľsko $#Polsko $8--Trx--Polska$gkraj $x01 $9391345966 
244Z/01 $2Trx $#dzieło zbiorowe $8--Trx--Sammelwerk $x02 $9391384597 
245Z/01 $a08.04.09 $x01 
247C/01 $82080>Marburg/Lahn, Herder-Institut, Forschungsbibliothek, Bibliographieportal $9336309341
LEADER 00000cam a2200000 c 4500
001 301698643
003 DE-603
005 20250212082822.0
007 tu
008 120531s2012 xx |||| | u00||u|ger
015 |a 13,A11  |z 12,N13  |2 dnb 
016 7 |2 DE-101  |a 1020850167 
020 |a 9783866284159  |c kart. : EUR 14.80 (DE), EUR 15.30 (AT), sfr 19.80 (freier Pr.) 
024 3 |a 9783866284159 
035 |a (DE-599)DNB1020850167 
035 |a (OCoLC)794918165 
040 |a DE-603  |b ger  |c DE-603  |d DE-603 
041 |a ger 
082 0 4 |8 1\u  |a 909.04924094386  |q DE-101  |2 23/BSB 
083 0 |8 2\u  |a 900.9438609034  |q DE-101  |2 23/BSB 
084 |a 290  |a 940  |a 300  |q DE-101  |2 sdnb 
084 |a KL 5756  |0 (DE-625)78522:11874  |0 (DE-603)409225770  |2 rvk 
084 |a NY 4780  |0 (DE-625)132360:  |0 (DE-603)410953474  |2 rvk 
084 |a NY 9000  |0 (DE-625)132375:  |0 (DE-603)410953628  |2 rvk 
085 |8 1\u  |b 909.04924 
085 |8 1\u  |z 2  |s 4386 
085 |8 1\u  |z 2  |s 438 
085 |8 2\u  |b 900 
085 |8 2\u  |z 1  |s 09034 
085 |8 2\u  |z 1  |s 09041 
085 |8 2\u  |z 2  |s 4386 
090 |a b 
245 0 0 |a Ivan Franko im Kontext mit Theodor Herzl und Martin Buber  |b Antisemitismus und Philosemitismus in Ostgalizien 1886 - 1916  |c Roman Mnich. Mit Orig.-Beitr. von Ivan Franko ... Hrsg. von Erhard Roy Wiehn 
250 |a 1. Auflage 
264 1 |a Konstanz  |b Hartung-Gorre  |c 2012 
300 |a 134 Seiten  |b Illustrationen  |c 21 cm 
336 |a Text  |b txt  |2 rdacontent 
337 |a ohne Hilfsmittel zu benutzen  |b n  |2 rdamedia 
338 |a Band  |b nc  |2 rdacarrier 
600 1 7 |a Franko, Ivan  |d 1856-1916  |0 (DE-588)118534920  |0 (DE-603)086875981  |2 gnd 
648 7 |a Geschichte 1896-1937  |2 gnd 
650 7 |a Judentum  |0 (DE-588)4114087-4  |0 (DE-603)085339938  |2 gnd 
650 7 |a Juden  |0 (DE-588)4028808-0  |0 (DE-603)085075922  |2 gnd 
650 7 |a Antisemitismus  |0 (DE-588)4002333-3  |0 (DE-603)084997346  |2 gnd 
651 7 |a Galizien  |0 (DE-588)4019124-2  |0 (DE-603)085045411  |2 gnd 
655 7 |a Quelle  |2 gnd-content  |0 (DE-588)4135952-5  |0 (DE-603)085503576 
700 1 |a Mnich, Roman  |d 1966-  |0 (DE-603)293147949  |0 (DE-588)1021266620  |2 gnd 
700 1 |a Wiehn, Erhard Roy  |d 1937-  |e Hrsg  |4 edt  |0 (DE-603)109196236  |0 (DE-588)115824960  |2 gnd 
787 0 8 |i Rezensiert in  |a Röskau-Rydel, Isabel, 1959-  |t Ivan Franko im Kontext mit Theodor Herzl und Martin Buber. - Konstanz : Hartung-Gorre. - 2012 [Rezension]  |w (DE-603)395137098 
856 4 2 |m V:DE-603;B:DE-Mb50  |q application/pdf  |u http://scans.hebis.de/HEBCGI/show.pl?30169864_toc.pdf  |3 Inhaltsverzeichnis 
924 0 |9 30  |a (DE-603)674469887  |b DE-30  |c HES  |d c  |g 90.011.97 
924 0 |9 Mb 50  |a (DE-603)644918772  |b DE-Mb50  |c HES  |d c  |g 12.04032 
924 0 |9 2080  |a (DE-603)793914671  |b DE-2080  |c HES  |d d  |g /